Úvod do analýzy panelových dát v systéme R

Základy ekonometrickej analýzy panelových dát v programovacom systéme R, ktorý je voľne dostupný a predstavuje alternatívu komerčným špecializovaným softvérovým produktom.

Na minha lista:
Detalhes bibliográficos
Autor principal: Lukáčik, Martin, 1974-
Outros Autores: Lukáčiková, Adriana, 1971-
Formato: Capítulo de Livro
Idioma:eslovaco
Assuntos:
Tags: Adicionar Tag
Sem tags, seja o primeiro a adicionar uma tag!

MARC

LEADER 00000naa$a2200000$$$4500
001 0249543
005 20240502074006.5
041 0 |a slo 
044 |a SK 
245 1 0 |a Úvod do analýzy panelových dát v systéme R  |c Martin Lukáčik, Adriana Lukáčiková 
520 |a Základy ekonometrickej analýzy panelových dát v programovacom systéme R, ktorý je voľne dostupný a predstavuje alternatívu komerčným špecializovaným softvérovým produktom. 
610 2 0 |a analýza dát 
610 2 0 |a analýza dát panelových 
610 2 0 |a analýza ekonometrická 
610 2 0 |a softvér 
610 2 0 |a programovanie 
610 2 0 |a systémy informačné 
100 1 |a Lukáčik, Martin, 1974- 
700 1 |a Lukáčiková, Adriana, 1971-